000 00643nam a2200277Ia 4500
005 20260324130712.0
008 008 260324s9999 xx 000 0 eng d
020 _a9780203967577
037 _aEBOOK
040 _aCRL
040 _beng
040 _cCRL
041 _2eng
041 _aeng
084 _qCRL
100 _aJonathan Rigg
_91182776
245 3 _aAn Everyday Geography of the Global South
260 _bTaylor and Francis
260 _c2007
365 _a
365 _b300
856 _uhttp://www.taylorfrancis.com/books/9780203967577
942 _cEBOOK
999 _c1779171
_d1779171